Nekonvenční metody obrábění I : elektroerozivní, elektrochemické a chemické obrábění/

Gespeichert in:
Bibliographische Detailangaben
1. Verfasser: Sadílek, Marek (Verfasst von)
Format: Buch
Sprache:Tschechisch
Veröffentlicht: Ostrava VŠB TU 2016
Ausgabe:1. vyd.
Schlagworte:
Tags: Tag hinzufügen
Keine Tags, Fügen Sie das erste Tag hinzu!

MARC

LEADER 00000nam a22000003a 4500
001 0091821
003 SK-STU
005 20211129094100.1
007 ta
008 211129s ----xo-----e------000-0-----d
020 |a 978-80-248-3943-1 
040 |a STU  |b slo 
041 0 |a cze 
044 |a xr 
100 1 |a Sadílek, Marek  |4 aut 
245 1 0 |a Nekonvenční metody obrábění I :  |b elektroerozivní, elektrochemické a chemické obrábění/  |c aut. Marek Sadílek 
250 |a 1. vyd. 
260 |a Ostrava  |b VŠB TU  |c 2016 
300 |a 106 s. 
650 0 7 |a obrábanie 
996 |b 284M088927  |c M* S-1731-1  |l MMKN  |s A  |a 24  |w 0091821_0001 
996 |b 284M088928  |c M* S-1731-2  |l MMKN  |s A  |a 24  |w 0091821_0002